000
00236nam a22000857a 4500
008
160704b xxu||||| |||| 00| 0 eng d
100
_9
2061
_a
Valliappa, A
245
_a
The Story of Our Rivers
260
_a
New Delhi
_b
National Book Trust
_c
1973
999
_c
1758
_d
1758